| 000 | 00954nam a22002777i 4500 | ||
|---|---|---|---|
| 003 | EG-ScBUE | ||
| 005 | 20240306130320.0 | ||
| 008 | 220731s2020 ua f 000 0 ara d | ||
| 017 | _a2019 / 16586 | ||
| 020 | _a9789771457909 | ||
| 040 |
_aEG-ScBUE _bara _erda _cEG-ScBUE _dEG-ScBUE |
||
| 082 | 0 | 4 |
_222 _a892.746 _bم ن ص |
| 100 | 1 |
_aمنصور، أنيس، _d1924-2011، _eمؤلف. |
|
| 245 | 1 | 0 |
_aأعجب الرحلات فى التاريخ / _cأنيس منصور. |
| 250 | _aالطبعة التاسعة عشرة. | ||
| 264 | 1 |
_aالجيزة، مصر : _bدار نهضة مصر للنشر، _c2020. |
|
| 300 |
_a532 صفحة ؛ _c24 سم |
||
| 336 |
_2rdacontent _aنص _btxt |
||
| 337 |
_2rdamedia _aبدون وسيط _bn |
||
| 338 |
_2rdacarrier _aمجلد _bnc |
||
| 541 | _aBook Fair 2024. | ||
| 650 | 7 |
_aالرحلات في الأدب العربي. _2BUEsh |
|
| 653 |
_cMarch2024 _bARALIT |
||
| 655 | _vReading book | ||
| 942 | _2ddc | ||
| 999 |
_c30701 _d30672 |
||